• 首页
  • 本馆介绍
  • 公告通知
  • 最新文献
  • 馆藏检索
  • 电子资源
  • 读者导购
  • 参考咨询
  • 我的图书馆
  • 登录
  • 详细信息显示
  • 放入我的书架
  • 预约/预借图书
  • 作者相关作品
  • 分类相关作品
  • 丛书相关作品
  • 出版社相关作品

书目信息

  • 表格格式
  • 工作单格式
  • 卡片格式
题名:
西方知识论的超越之路
    
 
作者: 高秉江 著
分册:  
出版信息: 北京   人民出版社  2012.09
页数: 388页
开本: 23cm
丛书名:
单 册:
中图分类: G302
科图分类:
主题词: 知识论--研究--西方国家 , 知识论
电子资源:
ISBN: 978-7-01-011153-7
000 00847nam0 2200241 450
001 005694002
005 20130701082954.51
010    @a978-7-01-011153-7@dCNY50.00
100    @a20121207d2012 em y0chiy50 ea
101 0  @achi
102    @aCN@b110000
105    @ay z 001yy
106    @ar
200 1  @a西方知识论的超越之路@9xi fang zhi shi lun de chao yue zhi lu@e从毕达哥拉斯到胡塞尔@f高秉江著
210    @a北京@c人民出版社@d2012.09
215    @a388页@d23cm
330    @a本书对西方知识论的超越论思想进行了系统的逻辑梳理。主要线索是古希腊的毕达哥拉斯的数、巴门尼德的being、苏格拉底的定义、柏拉图的idea到亚里士多德的逻辑的知识确定性追求等。
606 0  @a知识论@x研究@x西方国家
606 0  @a知识论
690    @aG302@v5
701  0 @a高秉江@9gao bing jiang@f(1963.6-)@4著
801  0 @aCN@bNLC@c20121207
905    @b544638-43@dG302@e171@f6
    
    西方知识论的超越之路:从毕达哥拉斯到胡塞尔/高秉江著.-北京:人民出版社,2012.09
    388页;23cm
    
    
    ISBN 978-7-01-011153-7:CNY50.00
    本书对西方知识论的超越论思想进行了系统的逻辑梳理。主要线索是古希腊的毕达哥拉斯的数、巴门尼德的being、苏格拉底的定义、柏拉图的idea到亚里士多德的逻辑的知识确定性追求等。
●
相关链接 在E读中查询图书 在五车中查询图书 在当当中查询图书 在豆瓣中查询图书


正题名:西方知识论的超越之路     索取号:G302/171         预约/预借

序号 登录号 条形码 馆藏地/架位号 状态 备注
1 0544643   205446436   第四借阅区/ [索取号:G302/171] 在馆    
2 544638   205446383   第一样本阅览室/ [索取号:G302/171] 在馆    
3 544639   205446392   第四借阅区/ [索取号:G302/171] 在馆    
4 544640   205446409   第四借阅区/ [索取号:G302/171] 在馆    
5 544641   205446418   第四借阅区/ [索取号:G302/171] 在馆    
6 544642   205446427   第四借阅区/ [索取号:G302/171] 在馆    
唐山师范学院图书馆 欢迎您!
大连网信软件有限公司© 版权所有